|
|
|
|
| LEADER |
00000nam2a2200000 4500 |
| 001 |
307832 |
| 005 |
20231102002031.0 |
| 035 |
|
|
|a (RuTPU)RU\TPU\book\333139
|
| 090 |
|
|
|a 307832
|
| 100 |
|
|
|a 20151026d1981 km y0rusy50 ca
|
| 101 |
0 |
|
|a rus
|
| 102 |
|
|
|a UA
|
| 105 |
|
|
|a a z 001zy
|
| 200 |
0 |
|
|a Вып. 5
|f под ред. В. А. Геранина
|
| 210 |
|
|
|d 1981
|
| 215 |
|
|
|a 80 с.
|c ил.
|
| 320 |
|
|
|a Библиогр. в конце ст.
|
| 461 |
|
1 |
|0 (RuTPU)RU\TPU\book\289477
|t Электроакустика и звукотехника
|f Киевский политехнический институт (КПИ)
|v Вып. 5
|d 1977-1992
|s Вестник Киевского политехнического института
|
| 606 |
1 |
|
|a Электроакустика
|2 stltpush
|3 (RuTPU)RU\TPU\subj\19712
|9 44885
|
| 606 |
1 |
|
|a Звукотехника
|2 stltpush
|3 (RuTPU)RU\TPU\subj\11544
|9 38467
|
| 610 |
1 |
|
|a детерминированные процессы
|
| 610 |
1 |
|
|a случайные процессы
|
| 610 |
1 |
|
|a акустические процессы
|
| 610 |
1 |
|
|a акустические поля
|
| 610 |
1 |
|
|a информация
|
| 610 |
1 |
|
|a пространственно-временная обработка
|
| 610 |
1 |
|
|a помехоустойчивость
|
| 610 |
1 |
|
|a сигналы
|
| 610 |
1 |
|
|a обнаружение
|
| 610 |
1 |
|
|a помехи
|
| 610 |
1 |
|
|a вероятностный анализ
|
| 610 |
1 |
|
|a магнитная запись
|
| 610 |
1 |
|
|a электрические узлы
|
| 610 |
1 |
|
|a расчеты
|
| 610 |
1 |
|
|a проектирование
|
| 675 |
|
|
|a 534.86
|v 3
|
| 675 |
|
|
|a 681.84
|v 3
|
| 702 |
|
1 |
|a Геранин
|b В. А.
|4 340
|
| 801 |
|
1 |
|a RU
|b 63413507
|c 20151026
|
| 801 |
|
2 |
|a RU
|b 63413507
|c 20191108
|g RCR
|
| 942 |
|
|
|c BK
|